ARRUPE JESUIT UNIVERSITY

CORONAVIRUS -STOP THE SPREAD - CLEAN,DISINFECT,COVER

H; (Record no. 124171)

MARC details
000 -LEADER
fixed length control field 00621nam a2200241 4500
001 - CONTROL NUMBER
control field 3629278
003 - CONTROL NUMBER IDENTIFIER
control field ARRUPE
005 - DATE AND TIME OF LATEST TRANSACTION
control field 20160212105830.0
008 - FIXED-LENGTH DATA ELEMENTS--GENERAL INFORMATION
fixed length control field 760525s1973 fr 000 1 fre
010 ## - LIBRARY OF CONGRESS CONTROL NUMBER
LC control number 74183570
015 ## - NATIONAL BIBLIOGRAPHY NUMBER
National bibliography number F***
040 ## - CATALOGING SOURCE
Original cataloging agency DLC
Transcribing agency DLC
Modifying agency DLC
050 00 - LIBRARY OF CONGRESS CALL NUMBER
Classification number PQ2679.O4
Item number H2
082 00 - DEWEY DECIMAL CLASSIFICATION NUMBER
Classification number 843/.9/14
300 ## - PHYSICAL DESCRIPTION
Dimensions 21 cm.
100 1# - MAIN ENTRY--PERSONAL NAME
Personal name Sollers, Philippe,
Dates associated with a name 1936-
9 (RLIN) 22278
245 10 - TITLE STATEMENT
Title H;
Remainder of title roman.
260 ## - PUBLICATION, DISTRIBUTION, ETC. (IMPRINT)
Place of publication, distribution, etc Paris,
Name of publisher, distributor, etc Éditions du Seuil
Date of publication, distribution, etc [1973]
300 ## - PHYSICAL DESCRIPTION
Extent 184 p.;
350 ## - PRICE (NR) (BK AM CF MU VM SE) [OBSOLETE]
Price 20.00F
490 0# - SERIES STATEMENT
Series statement Collection Tel quel
906 ## - LOCAL DATA ELEMENT F, LDF (RLIN)
a 7
b cbc
c orignew
d u
e ncip
f 19
g y-gencatlg
942 ## - ADDED ENTRY ELEMENTS (KOHA)
Source of classification or shelving scheme Library of Congress Classification
Koha item type Monograph ( Printed materials)
Holdings
Withdrawn status Lost status Source of classification or shelving scheme Damaged status Not for loan Collection code Home library Current library Shelving location Date acquired Total Checkouts Full call number Barcode Date last seen Price effective from Koha item type
    Library of Congress Classification     Main Collection ARRUPE LIBRARY ARRUPE LIBRARY Main Collection 12/02/2016   PQ2679.O4H2 46500006686 26/03/2019 12/02/2016 Monograph ( Printed materials)

 

Arrupe Library. PO Box MP320 Mt Pleasant, Harare, Zimbabwe
263 242 745411|librarian@aju.ac.zw